[Event "271th YMCA Winter A"]
[Site "Warsaw"]
[Date "2023.01.13"]
[Round "1"]
[White "Mazurek, Jerzy"]
[Black "Kasperkiewicz, Pawel"]
[Result "1/2-1/2"]
[WhiteElo "1715"]
[BlackElo "1894"]
[PlyCount "141"]
[EventDate "2023.01.13"]
[EventType "tourn"]
[EventRounds "1"]
[EventCountry "POL"]
[SourceDate "2023.01.12"]

1. c4 b6 2. Nc3 Bb7 3. e4 e6 4. Nge2 Nf6 5. d3 c5 6. g3 d5 7. exd5 exd5 8. Bg2
Qd7 9. Nf4 d4 10. Qe2+ Be7 11. Ncd5 Nxd5 12. Nxd5 Nc6 13. O-O O-O 14. Nxe7+
Nxe7 15. Bxb7 Qxb7 16. Re1 Ng6 17. Bd2 f6 18. Qe6+ Rf7 19. f4 f5 20. Kf2 Nf8
21. Qe2 Nd7 22. Qf3 Nf6 23. h3 h5 24. Re5 g6 25. b4 Rc8 26. Qxb7 Rxb7 27. Rb1
Rd7 28. Bc1 b5 29. Rxc5 Rxc5 30. bxc5 bxc4 31. c6 Rc7 32. Rb8+ Kf7 33. Rb7 Ne8
34. dxc4 Ke7 35. c5 Ke6 36. Ba3 Kd5 37. Ke2 Kxc6 38. Rxc7+ Nxc7 39. Kd3 Nb5 40.
Bb4 Kd5 41. c6 Kxc6 42. Kc4 d3 43. Kxd3 Kd5 44. Bf8 Nd4 45. Be7 Ne6 46. Bf6
Nc5+ 47. Ke3 Ne4 48. Bh4 Nc3 49. a3 Kc4 50. Kf3 Kd3 51. Be7 Nb5 52. g4 hxg4+
53. hxg4 Nd4+ 54. Kg2 Ke4 55. gxf5 gxf5 56. Bc5 a6 57. a4 Ne6 58. Bd6 Nxf4+ 59.
Kf2 Nd5 60. a5 f4 61. Bc5 Nf6 62. Bb6 Ng4+ 63. Ke2 Ne5 64. Kf2 Nd3+ 65. Ke2 f3+
66. Kf1 Kd5 67. Bd8 Kd4 68. Bb6+ Ke4 69. Ba7 Nb2 70. Bb6 Nc4 71. Kf2 1/2-1/2

[Event "271th YMCA Winter A"]
[Site "Warsaw"]
[Date "2023.01.13"]
[Round "1"]
[White "Tsiapko, Andrii"]
[Black "Pettersson, Alexander"]
[Result "1-0"]
[WhiteElo "1651"]
[BlackElo "1878"]
[PlyCount "103"]
[EventDate "2023.01.13"]
[EventType "tourn"]
[EventRounds "1"]
[EventCountry "POL"]
[SourceDate "2023.01.12"]

1. d4 d5 2. c4 e6 3. Nf3 Nf6 4. g3 Bb4+ 5. Bd2 Be7 6. Bg2 O-O 7. O-O c6 8. Qc2
b6 9. Bf4 Bb7 10. Rd1 Na6 11. b3 Rc8 12. Nc3 Qe8 13. e4 h6 14. a3 Nc7 15. Re1
Qd8 16. Qd3 Re8 17. Ne5 Nd7 18. exd5 cxd5 19. Qf3 Nxe5 20. dxe5 Bg5 21. Rad1
Qe7 22. Bxg5 Qxg5 23. Qe3 Qe7 24. b4 Red8 25. Rd4 Rd7 $11 26. Red1 Rcd8 27. Qd2
Ba8 28. Ne4 Ne8 29. c5 Rc7 30. Rc1 Rb8 31. Nd6 bxc5 32. bxc5 Bc6 33. Rb4 Qd8
34. Rcb1 Rxb4 35. axb4 Ba8 36. Qd4 Nxd6 37. exd6 Rc8 38. Ra1 Qd7 39. Ra5 Rb8
40. Bf1 Bc6 41. Qa1 Rxb4 42. Rxa7 Rb7 43. Ra8+ Kh7 44. Rf8 Ra7 45. Bd3+ f5 46.
Qb1 Rb7 $11 47. Qc2 g6 48. Qc3 Qg7 49. Qxg7+ Kxg7 50. Rc8 Bd7 51. c6 Bxc6 52.
Rxc6 1-0

[Event "271th YMCA Winter A"]
[Site "Warsaw"]
[Date "2023.01.13"]
[Round "1"]
[White "Szymkiewicz, Witold"]
[Black "Sternik, Piotr"]
[Result "0-1"]
[WhiteElo "1697"]
[BlackElo "1793"]
[PlyCount "84"]
[EventDate "2023.01.13"]
[EventType "tourn"]
[EventRounds "1"]
[EventCountry "POL"]
[SourceDate "2023.01.12"]

1. d4 d5 2. g3 Nf6 3. Bg2 e6 4. c4 a6 5. cxd5 exd5 6. Nc3 c6 7. Nf3 Bd6 8. O-O
O-O 9. Re1 Re8 10. Qc2 h6 11. Nh4 Qb6 12. e3 a5 13. Bd2 Na6 14. a3 Be6 15. Rac1
Qd8 16. e4 dxe4 17. Nxe4 Be7 18. Nf5 Bf8 19. Ne3 Nxe4 20. Bxe4 Nc7 21. Bc3 a4
22. Qd2 Nd5 23. Bc2 Nxc3 24. Qxc3 Qb6 25. Rcd1 Red8 26. f4 g6 27. f5 gxf5 28.
Nxf5 Bxf5 29. Bxf5 Bg7 30. Re4 c5 31. Qf3 cxd4 32. Re7 d3+ 33. Kh1 d2 34. Be6
Qxb2 35. Rxf7 Kh8 36. Rxb7 Qe5 37. Bc4 Rf8 38. Qe2 Qxe2 39. Bxe2 Rf2 40. Re7
Rd8 41. Re3 Rf7 42. Kg1 $138 Bd4 0-1

[Event "271th YMCA Winter A"]
[Site "Warsaw"]
[Date "2023.01.13"]
[Round "1"]
[White "Terkiewicz, Bruno"]
[Black "Safanowski, Tomasz"]
[Result "1-0"]
[WhiteElo "1769"]
[BlackElo "1704"]
[PlyCount "73"]
[EventDate "2023.01.13"]
[EventType "tourn"]
[EventRounds "1"]
[EventCountry "POL"]
[SourceDate "2023.01.12"]

1. e4 e5 2. Nf3 d6 3. d4 Nc6 4. dxe5 dxe5 5. Qxd8+ Kxd8 6. Bc4 Be6 7. Bxe6 fxe6
8. Be3 Bd6 9. Nbd2 Nf6 10. O-O-O Ke7 11. h3 h6 12. Ne1 b5 13. c3 Na5 14. Nd3
Nd7 15. b4 Nc4 16. Nxc4 bxc4 17. Nb2 a5 18. a3 axb4 19. axb4 Ra3 20. Kc2 Ra2
21. Ra1 Rha8 22. Rxa2 Rxa2 23. Kb1 Ra3 24. Rc1 c5 25. Nxc4 Ra4 26. Rd1 Bc7 27.
Kb2 cxb4 28. Kb3 Ra8 29. cxb4 Kd8 30. Bb6 Rb8 31. Nxe5 Rxb6 32. Nxd7 Rd6 33.
Rxd6 Bxd6 34. Nc5 Ke7 35. Kc4 h5 36. b5 g5 37. b6 1-0

[Event "271th YMCA Winter A"]
[Site "Warsaw"]
[Date "2023.01.13"]
[Round "1"]
[White "Polak, Michal"]
[Black "Rylski, Tadeusz"]
[Result "1-0"]
[WhiteElo "1929"]
[BlackElo "1800"]
[PlyCount "133"]
[EventDate "2023.01.13"]
[EventType "tourn"]
[EventRounds "1"]
[EventCountry "POL"]
[SourceDate "2023.01.12"]

1. d4 d5 2. c4 c6 3. Nf3 Nf6 4. Nc3 e6 5. e3 Nbd7 6. Qc2 Bd6 7. Be2 O-O 8. b3
b6 9. Bb2 Bb7 10. O-O Rc8 11. Rad1 Qe7 12. Rfe1 Rfd8 13. Qb1 c5 14. cxd5 Nxd5
15. Ne4 Bb8 16. dxc5 Nxc5 17. Ba3 Nf6 18. Nxc5 bxc5 19. Bb2 h6 20. Qa1 Be4 21.
h3 Rd5 22. Ne5 Qc7 23. f4 Rcd8 24. Nc4 Qe7 25. Bc3 Bc7 26. Ne5 Rxd1 27. Rxd1
Bd5 28. Nc4 Kh8 29. Qb2 Rg8 30. Nd2 Bb7 31. Bf3 Nd5 32. Nc4 Nxc3 33. Qxc3 Bxf3
34. gxf3 Rd8 35. Rxd8+ Qxd8 36. Qd2 Qh4 37. Kg2 Qe7 38. Qd3 g5 39. f5 Qf6 40.
Qd7 Bb6 41. fxe6 fxe6 42. Qd6 Qa1 43. Qe5+ Qxe5 44. Nxe5 Kg7 45. Nd7 c4 46.
bxc4 Bxe3 47. Kf1 Kf7 48. Ke2 Bg1 49. Kd3 Ke7 50. Ne5 h5 51. Ke4 a6 52. a3 Bc5
53. a4 Bb6 54. Kd3 Bc7 55. Kd4 Kf6 56. Nd3 Kf5 57. Kc5 Ba5 58. Kd6 g4 59. fxg4+
hxg4 60. hxg4+ Ke4 61. Nc5+ Kf4 62. Kxe6 Kxg4 63. Nxa6 Kf4 64. Kd5 Ke3 65. c5
Kd3 66. c6 Kc3 67. Kc5 1-0

[Event "271th YMCA Winter A"]
[Site "Warsaw"]
[Date "2023.02.02"]
[Round "2"]
[White "Safanowski, Tomasz"]
[Black "Polak, Michal"]
[Result "1/2-1/2"]
[WhiteElo "1704"]
[BlackElo "1929"]
[PlyCount "27"]
[EventDate "2023.01.13"]
[EventType "tourn"]
[EventRounds "1"]
[EventCountry "POL"]
[SourceDate "2023.01.12"]

1. f4 d5 2. Nf3 c5 3. e3 Nc6 4. Bb5 a6 5. Bxc6+ bxc6 6. d3 g6 7. O-O Bg7 8. Nc3
Bg4 9. Qe1 Rb8 10. Ne5 Bd7 11. Na4 Nf6 12. Nxc5 Qb6 13. Qc3 Rg8 14. Ncxd7 $11
1/2-1/2

[Event "271th YMCA Winter A"]
[Site "Warsaw"]
[Date "2023.01.25"]
[Round "2"]
[White "Pettersson, Alexander"]
[Black "Szymkiewicz, Witold"]
[Result "1/2-1/2"]
[WhiteElo "1878"]
[BlackElo "1697"]
[PlyCount "53"]
[EventDate "2023.01.13"]
[EventType "tourn"]
[EventRounds "1"]
[EventCountry "POL"]
[SourceDate "2023.01.12"]

1. d4 Nf6 2. c4 c6 3. Nf3 d5 4. Qc2 g6 5. Bf4 Bf5 6. Qb3 Qb6 7. c5 Qxb3 8. axb3
Bxb1 9. Rxb1 Nbd7 10. e3 Bg7 11. Bd3 O-O 12. Kd2 Nh5 13. b4 a6 14. Ne5 Nxf4 15.
exf4 Nxe5 16. dxe5 g5 17. fxg5 Bxe5 18. g3 Bd4 19. f4 e5 20. fxe5 Rae8 21. Rhe1
Bxe5 22. b3 f6 23. g6 h6 24. Bf5 Re7 25. Kd3 Rfe8 26. Re2 Kg7 27. Ra2 $11
1/2-1/2

[Event "271th YMCA Winter A"]
[Site "Warsaw"]
[Date "2023.01.17"]
[Round "2"]
[White "Kasperkiewicz, Pawel"]
[Black "Tsiapko, Andrii"]
[Result "1/2-1/2"]
[WhiteElo "1894"]
[BlackElo "1651"]
[PlyCount "43"]
[EventDate "2023.01.13"]
[EventType "tourn"]
[EventRounds "1"]
[EventCountry "POL"]
[SourceDate "2023.01.12"]

1. e4 c5 2. c3 Nf6 3. e5 Nd5 4. d4 cxd4 5. Nf3 Nc6 6. Bc4 Nb6 7. Bb3 d5 8. exd6
Qxd6 9. Na3 Be6 10. Nb5 Qd7 11. Nbxd4 Bxb3 12. Qxb3 e6 13. O-O Nxd4 14. Nxd4
Bc5 15. Rd1 O-O 16. Be3 Qe7 17. Nc2 Nd5 18. Bxc5 Qxc5 19. Rd4 b5 20. Nb4 Nxb4
21. Qxb4 Qxb4 22. Rxb4 $11 1/2-1/2

[Event "271th YMCA Winter A"]
[Site "Warsaw"]
[Date "2023.02.02"]
[Round "2"]
[White "Choroszej, Aleksander"]
[Black "Mazurek, Jerzy"]
[Result "1-0"]
[WhiteElo "2036"]
[BlackElo "1715"]
[PlyCount "51"]
[EventDate "2023.01.13"]
[EventType "tourn"]
[EventRounds "1"]
[EventCountry "POL"]
[SourceDate "2023.01.12"]

1. d4 Nf6 2. c4 g6 3. Nc3 Bg7 4. e4 d6 5. f4 O-O 6. Nf3 e5 7. fxe5 dxe5 8. d5
c6 9. Bd3 b5 10. Qe2 bxc4 11. Bxc4 cxd5 12. Nxd5 Nc6 13. O-O Bg4 14. Bg5 Qd6
15. Qe3 Nxd5 16. Bxd5 Be6 17. Rad1 Rab8 18. b3 Nd4 19. Bxe6 Qxe6 20. Bh6 Nxf3+
21. Rxf3 Bxh6 22. Qxh6 Qb6+ 23. Kh1 Rbd8 24. Rdf1 Rd4 25. Rh3 Qf6 26. Qxh7# 1-0

[Event "271th YMCA Winter A"]
[Site "Warsaw"]
[Date "2023.01.27"]
[Round "3"]
[White "Tsiapko, Andrii"]
[Black "Choroszej, Aleksander"]
[Result "1/2-1/2"]
[WhiteElo "1651"]
[BlackElo "2036"]
[PlyCount "81"]
[EventDate "2023.01.13"]
[EventType "tourn"]
[EventRounds "1"]
[EventCountry "POL"]
[SourceDate "2023.01.12"]

1. d4 g6 2. Nf3 Bg7 3. e4 d6 4. Bc4 Nf6 5. Nbd2 O-O 6. O-O Nxe4 7. Nxe4 d5 8.
Bd3 dxe4 9. Bxe4 Nd7 10. c3 c5 11. dxc5 Nxc5 12. Bc2 b6 13. Bf4 Bb7 14. Re1 e6
15. Qe2 Qe7 16. Qe3 Rfd8 17. b4 Nd7 18. Bb3 Nf6 19. Bg5 Qc7 20. Ne5 Re8 21. Bh6
Rad8 22. Bxg7 Kxg7 23. c4 Be4 24. Qf4 Qb7 25. f3 Bc6 26. a4 Re7 27. Rad1 Rxd1
28. Rxd1 Be8 29. Qd4 Kg8 30. Nxg6 hxg6 31. Qxf6 Rd7 32. Rd4 Rxd4 33. Qxd4 Qc7
34. g3 Bc6 35. Kf2 e5 36. Qd3 Kg7 37. Bc2 Qe7 38. Qd2 Qe6 39. Qd3 Qh3 40. Kg1
Qh5 41. Bd1 $11 1/2-1/2

[Event "271th YMCA Winter A"]
[Site "Warsaw"]
[Date "2023.01.24"]
[Round "3"]
[White "Szymkiewicz, Witold"]
[Black "Kasperkiewicz, Pawel"]
[Result "1-0"]
[WhiteElo "1697"]
[BlackElo "1894"]
[PlyCount "75"]
[EventDate "2023.01.13"]
[EventType "tourn"]
[EventRounds "1"]
[EventCountry "POL"]
[SourceDate "2023.01.12"]

1. d4 e6 2. e4 d5 3. e5 c5 4. c3 Nc6 5. Nf3 Bd7 6. Bd3 cxd4 7. cxd4 Qb6 8. Bc2
Nb4 9. O-O Nxc2 10. Qxc2 Ne7 11. Nc3 Nc6 12. Rd1 Rc8 13. Qd3 Be7 14. Bg5 Bxg5
15. Nxg5 h6 16. Nh3 O-O 17. Nf4 f6 18. exf6 Rxf6 19. Nfxd5 exd5 20. Nxd5 Qd8
21. Nxf6+ Qxf6 22. Qb3+ Kh8 23. Qxb7 Bg4 24. Rdc1 Ne7 25. Rxc8+ Nxc8 26. h3 Bf5
27. Rd1 Qg6 28. Qf3 Nd6 29. Qg3 Qf6 30. Qe5 Qg6 31. Qg3 Qf6 32. Qe3 Be4 33. f3
Bd5 34. Qe5 Bxa2 35. Qxf6 gxf6 36. Ra1 Be6 37. Ra6 Bc4 38. Rxd6 1-0

[Event "271th YMCA Winter A"]
[Site "Warsaw"]
[Date "2023.01.27"]
[Round "3"]
[White "Terkiewicz, Bruno"]
[Black "Pettersson, Alexander"]
[Result "1/2-1/2"]
[WhiteElo "1769"]
[BlackElo "1878"]
[PlyCount "66"]
[EventDate "2023.01.13"]
[EventType "tourn"]
[EventRounds "1"]
[EventCountry "POL"]
[SourceDate "2023.01.12"]

1. d4 Nf6 2. c4 d6 3. Nf3 Nbd7 4. g3 g6 5. Bg2 Bg7 6. O-O O-O 7. Qc2 c6 8. Rd1
Qc7 9. Nc3 e5 10. e4 Re8 11. h3 a6 12. Be3 exd4 13. Nxd4 Nc5 14. b4 Ne6 15. Nb3
Bd7 16. Rac1 Rac8 17. Qd2 Bf8 18. f4 Rcd8 19. f5 Ng7 20. fxg6 hxg6 21. Qf2 Be7
22. Bd4 Nh7 23. Bb6 Qc8 24. Rf1 Rf8 25. Bxd8 Bxd8 26. Kh2 Ng5 27. h4 Nh7 28.
Qd4 Be7 29. Kh1 Ne6 30. Qd2 Nf6 31. Nd4 Ng7 32. Nf3 Ng4 33. Rce1 Nh5 $11
1/2-1/2

[Event "271th YMCA Winter A"]
[Site "Warsaw"]
[Date "2023.01.25"]
[Round "3"]
[White "Polak, Michal"]
[Black "Sternik, Piotr"]
[Result "1/2-1/2"]
[WhiteElo "1929"]
[BlackElo "1793"]
[PlyCount "94"]
[EventDate "2023.01.13"]
[EventType "tourn"]
[EventRounds "1"]
[EventCountry "POL"]
[SourceDate "2023.01.12"]

1. e4 c5 2. Nf3 d6 3. d4 cxd4 4. Nxd4 Nf6 5. Nc3 a6 6. Bg5 e6 7. f4 Be7 8. Qf3
Qc7 9. O-O-O O-O 10. Kb1 b5 11. g4 Bb7 12. Bxf6 Bxf6 13. g5 Bxd4 14. Rxd4 Nc6
15. Rd2 Na5 16. Bd3 Nc4 17. Bxc4 Qxc4 18. Qd3 Qxd3 19. cxd3 b4 20. Ne2 a5 21.
Rc1 Rac8 22. Rxc8 Rxc8 23. Rc2 Rc5 24. Kc1 Kf8 25. Nd4 Rxc2+ 26. Kxc2 Ke7 27.
Kb3 Kd7 28. Ka4 Ba6 29. Kxa5 Bxd3 30. Kxb4 Bxe4 31. a4 f6 32. gxf6 gxf6 33. Kc4
e5 34. Ne2 Kc6 35. fxe5 dxe5 36. b4 Bd5+ 37. Kd3 f5 38. Nc3 Bg2 39. Ke3 f4+ 40.
Kf2 Bd5 41. b5+ Kc5 42. a5 Ba8 43. a6 Kb6 44. Ke2 Bh1 45. Kd3 Kc5 46. Ne4+
Bxe4+ 47. Kxe4 Kb6 1/2-1/2

[Event "271th YMCA Winter A"]
[Site "Warsaw"]
[Date "2023.01.24"]
[Round "3"]
[White "Rylski, Tadeusz"]
[Black "Safanowski, Tomasz"]
[Result "1-0"]
[WhiteElo "1800"]
[BlackElo "1704"]
[PlyCount "69"]
[EventDate "2023.01.13"]
[EventType "tourn"]
[EventRounds "1"]
[EventCountry "POL"]
[SourceDate "2023.01.12"]

1. e4 d6 2. c4 Nf6 3. Nc3 e5 4. Nf3 Bg4 5. Be2 Be7 6. d4 Nbd7 7. O-O c6 8. Be3
O-O 9. h3 Bxf3 10. Bxf3 Qc7 11. Rc1 Rfe8 12. d5 a5 13. a3 Nb6 14. Qb3 Nfd7 15.
Ne2 Nc5 16. Qc2 a4 17. Bxc5 dxc5 18. Bg4 g6 19. Rce1 h5 20. Bf3 cxd5 21. exd5
f5 22. g4 e4 23. Bg2 Qe5 24. f4 exf3 25. Bxf3 Bd6 26. Rf2 hxg4 27. hxg4 Kg7 28.
gxf5 Qxf5 29. Qxf5 gxf5 30. Bh5 Re5 31. Rg2+ Kh7 32. Bg6+ Kg7 33. Bxf5+ Kf6 34.
Bd3 Bf8 35. Rg6+ 1-0

[Event "271th YMCA Winter A"]
[Site "Warsaw"]
[Date "2023.02.01"]
[Round "4"]
[White "Sternik, Piotr"]
[Black "Rylski, Tadeusz"]
[Result "1/2-1/2"]
[WhiteElo "1793"]
[BlackElo "1800"]
[PlyCount "91"]
[EventDate "2023.01.13"]
[EventType "tourn"]
[EventRounds "1"]
[EventCountry "POL"]
[SourceDate "2023.01.12"]

1. e4 e5 2. Nf3 Nc6 3. Bb5 a6 4. Ba4 Nf6 5. O-O Be7 6. Re1 b5 7. Bb3 d6 8. c3
O-O 9. h3 Bb7 10. d4 Re8 11. Nbd2 Bf8 12. d5 Nb8 13. Nf1 Nbd7 14. Ng3 g6 15.
Nh2 Bg7 16. Ng4 Nxg4 17. Qxg4 Nc5 18. Bc2 Qc8 19. Qxc8 Raxc8 20. b4 Nd7 21. a4
c6 22. dxc6 Bxc6 23. Rd1 Nb6 24. axb5 Bxb5 25. Bd3 Nc4 26. Nf1 d5 27. exd5 e4
28. Bxc4 Bxc4 29. Bb2 f5 30. g3 Be2 31. Rd2 Bd3 32. Ra3 Red8 33. Ne3 Bh6 34. h4
Bxe3 35. fxe3 Rxd5 36. Rxa6 Rcd8 37. Ra7 Bc4 38. Rd4 Rxd4 39. cxd4 Rc8 40. Ra5
Bb3 41. Rc5 Rxc5 42. dxc5 Ba4 43. Kf2 h5 44. Ke2 Kf7 45. Kd2 Ke6 46. Bd4
1/2-1/2

[Event "271th YMCA Winter A"]
[Site "Warsaw"]
[Date "2023.02.03"]
[Round "4"]
[White "Pettersson, Alexander"]
[Black "Polak, Michal"]
[Result "0-1"]
[WhiteElo "1878"]
[BlackElo "1929"]
[PlyCount "188"]
[EventDate "2023.01.13"]
[EventType "tourn"]
[EventRounds "1"]
[EventCountry "POL"]
[SourceDate "2023.01.12"]

1. d4 Nf6 2. c4 e6 3. Nf3 b6 4. a3 Bb7 5. Nc3 d5 6. cxd5 Nxd5 7. Bd2 Nd7 8. Qc2
Rc8 9. e4 Nxc3 10. Bxc3 Be7 11. Rd1 O-O 12. Bd3 c6 13. O-O Qc7 14. Rfe1 Rfd8
15. Qe2 c5 16. d5 c4 17. Bc2 e5 18. h4 a5 19. Ba4 Bd6 20. Bxd7 Rxd7 21. a4 Ba6
22. h5 f6 23. Nh4 Qd8 24. Qg4 Qe8 25. Re3 Kh8 26. Rg3 Qf7 27. Nf5 Rg8 28. Nh4
Re8 29. Nf5 Rg8 30. Re1 Bc5 31. Nh4 Re8 32. Rf1 Bc8 33. Nf5 Rc7 34. Qf3 Bxf5
35. Qxf5 Qd7 36. Qf3 Qxa4 37. h6 Bf8 38. hxg7+ Bxg7 39. Rh3 Qd7 40. Rh5 Qf7 41.
g3 Rg8 42. Kg2 Bf8 43. Rfh1 Qg6 44. Rf5 Rf7 45. Bxe5 Be7 46. d6 Bd8 47. Bd4 Re8
48. e5 Re6 49. exf6 Rxd6 50. Be5 Re6 51. Rd1 Bxf6 52. Rd8+ Kg7 53. Rxf6 Rexf6
54. Rd6 Qg5 55. Bc3 Kg6 56. Rxf6+ Rxf6 57. Bxf6 Qxf6 58. Qe4+ Kg7 59. Qg4+ Kh6
60. Qh3+ Kg7 61. Qg4+ Kf8 62. Qc8+ Kf7 63. Qxc4+ Kg7 64. Qg4+ Kf8 65. Qc8+ Kf7
66. Qb7+ Kg6 67. Qe4+ Kh6 68. Qe3+ Kg7 69. Qb3 Qc6+ 70. Kg1 a4 71. Qa3 b5 72.
Qe7+ Kg6 73. Qb4 Qc4 74. Qd6+ Kf5 75. Qd7+ Ke5 76. Qxh7 Qc1+ 77. Kg2 Qc6+ 78.
Kg1 Qc1+ 79. Kg2 Qc4 80. Qe7+ Kd5 81. Qb7+ Kc5 82. Qe7+ Kd5 83. Qb7+ $11 Kd4
84. Qg7+ Kd3 85. Qg5 Qe4+ 86. Kg1 Kc4 87. Qc1+ Kb3 88. Qc3+ Ka2 89. Qa3+ Kb1
90. b4 Qc2 91. g4 Qb3 92. Qxb3+ axb3 93. g5 Ka2 94. g6 b2 0-1

[Event "271th YMCA Winter A"]
[Site "Warsaw"]
[Date "2023.01.31"]
[Round "4"]
[White "Kasperkiewicz, Pawel"]
[Black "Terkiewicz, Bruno"]
[Result "1/2-1/2"]
[WhiteElo "1894"]
[BlackElo "1769"]
[PlyCount "68"]
[EventDate "2023.01.13"]
[EventType "tourn"]
[EventRounds "1"]
[EventCountry "POL"]
[SourceDate "2023.01.12"]

1. e4 c5 2. Nf3 Nc6 3. Bb5 g6 4. O-O Bg7 5. Re1 a6 6. Bxc6 dxc6 7. d3 e5 8. Nc3
Ne7 9. h3 O-O 10. a4 a5 11. Be3 b6 12. Qd2 f6 13. Nh2 Qc7 14. f4 Bd7 15. fxe5
fxe5 16. Rf1 Rae8 17. Rxf8+ Rxf8 18. Rf1 Rxf1+ 19. Kxf1 Nc8 20. Bh6 Nd6 21.
Bxg7 Kxg7 22. Qg5 Nf7 23. Qd2 Qd6 24. Qf2 Qd4 25. Qxd4 cxd4 26. Nb1 Be6 27. Nf3
Kf6 28. Nfd2 Nd6 29. Na3 b5 30. Nb3 Bxb3 31. cxb3 Ke6 32. Ke2 Kd7 33. Kd2 b4
34. Nc2 Ke6 1/2-1/2

[Event "271th YMCA Winter A"]
[Site "Warsaw"]
[Date "2023.02.03"]
[Round "4"]
[White "Choroszej, Aleksander"]
[Black "Szymkiewicz, Witold"]
[Result "1-0"]
[WhiteElo "2036"]
[BlackElo "1697"]
[PlyCount "55"]
[EventDate "2023.01.13"]
[EventType "tourn"]
[EventRounds "1"]
[EventCountry "POL"]
[SourceDate "2023.01.12"]

1. d4 d5 2. c4 c6 3. Nc3 Nf6 4. Nf3 dxc4 5. e3 b5 6. a4 b4 7. Na2 Bg4 8. Bxc4
e6 9. O-O Be7 10. Bd2 a5 11. Nc1 O-O 12. Nd3 Nbd7 13. h3 Bh5 14. Nf4 Nb6 15.
Bb3 Bxf3 16. Qxf3 Bd6 17. Rac1 c5 18. dxc5 Bxf4 19. exf4 Qxd2 20. Rfd1 Qxb2 21.
cxb6 Nd5 22. Bxd5 exd5 23. Qxd5 Qf6 24. b7 Rab8 25. Rc7 Qxf4 26. Rdc1 Rfd8 27.
Qxa5 Rxb7 28. Rc8 1-0

[Event "271th YMCA Winter A"]
[Site "Warsaw"]
[Date "2023.02.03"]
[Round "4"]
[White "Mazurek, Jerzy"]
[Black "Tsiapko, Andrii"]
[Result "1-0"]
[WhiteElo "1715"]
[BlackElo "1651"]
[PlyCount "57"]
[EventDate "2023.01.13"]
[EventType "tourn"]
[EventRounds "1"]
[EventCountry "POL"]
[SourceDate "2023.01.12"]

1. d4 d5 2. c4 e6 3. Nc3 Nf6 4. cxd5 exd5 5. Bg5 Be7 6. e3 c6 7. Bd3 Nbd7 8.
Nge2 Nh5 9. Bxe7 Qxe7 10. Qd2 Nb6 11. O-O O-O 12. Rae1 Re8 13. Nc1 Be6 14. b3
Rad8 15. Bb1 g6 16. f3 Ng7 17. e4 c5 18. e5 Bf5 19. Nd3 Bxd3 20. Bxd3 Ne6 21.
dxc5 Qxc5+ 22. Kh1 d4 23. Ne4 Qxe5 24. f4 Qg7 25. f5 gxf5 26. Rxf5 Nd5 27. Ref1
Re7 28. Rxd5 Rxd5 29. Nf6+ 1-0

[Event "271th YMCA Winter A"]
[Site "Warsaw"]
[Date "2023.01.20"]
[Round "5"]
[White "Szymkiewicz, Witold"]
[Black "Mazurek, Jerzy"]
[Result "0-1"]
[WhiteElo "1697"]
[BlackElo "1715"]
[PlyCount "94"]
[EventDate "2023.01.13"]
[EventType "tourn"]
[EventRounds "1"]
[EventCountry "POL"]
[SourceDate "2023.01.12"]

1. d4 Nf6 2. c4 g6 3. Nc3 Bg7 4. e4 d6 5. Bg5 h6 6. Bf4 O-O 7. Be2 Na6 8. Qd2
Kh7 9. h4 c6 10. O-O-O Nc7 11. Nh3 Bxh3 12. Rxh3 Ne6 13. Be3 c5 14. d5 Nd4 15.
g4 Qa5 16. Kb1 b5 17. cxb5 a6 18. b6 Nb5 19. Nxb5 Qxd2 20. Rxd2 axb5 21. f3 b4
22. h5 g5 23. e5 Nd7 24. exd6 exd6 25. f4 Bf6 26. Bd3+ Kg7 27. fxg5 Bxg5 28.
Bxg5 hxg5 29. b7 Ra7 30. Bf5 Rxb7 31. Bxd7 Rxd7 32. Re2 f5 33. gxf5 Rxf5 34.
Re6 Rxd5 35. Rf3 Kh7 36. Rff6 Rg7 37. Rh6+ Kg8 38. a4 bxa3 39. bxa3 g4 40. Rxd6
Rxd6 41. Rxd6 $11 g3 42. Rd1 Kh7 43. Kc2 Kh6 44. Kc3 Rg4 45. Rh1 g2 46. Rg1
Kxh5 47. a4 Kh4 0-1

[Event "271th YMCA Winter A"]
[Site "Warsaw"]
[Date "2023.03.16"]
[Round "5"]
[White "Terkiewicz, Bruno"]
[Black "Choroszej, Aleksander"]
[Result "1-0"]
[WhiteElo "1769"]
[BlackElo "2036"]
[PlyCount "99"]
[EventDate "2023.01.13"]
[EventType "tourn"]
[EventRounds "1"]
[EventCountry "POL"]
[SourceDate "2023.01.12"]

1. d4 g6 2. c4 Bg7 3. e4 d6 4. Nc3 Nf6 5. h3 O-O 6. Be3 e5 7. d5 Na6 8. g4 Nc5
9. f3 a5 10. h4 h5 11. g5 Nh7 12. Qd2 b6 13. O-O-O Bd7 14. Kb1 Qe7 15. Nh3 Rfb8
16. Rc1 Nf8 17. Rg1 Be8 18. Nf2 Nfd7 19. Be2 Na6 20. Bd1 Ndc5 21. Nb5 Rb7 22.
b3 Bd7 23. Qb2 Qe8 24. Be2 Nb8 25. Qd2 Nba6 26. Nd1 Qc8 27. Qc3 Nb8 28. Nb2 Qe8
29. Rcd1 Qc8 30. Rd2 Kh7 31. Nd1 Kg8 32. Qb2 Kh7 33. Ndc3 Kg8 34. Bd1 Kh7 35.
a3 Kg8 36. b4 axb4 37. axb4 Nca6 38. Be2 Kh7 39. Qb3 Qe8 40. Ra2 Bf8 41. Kb2 c6
42. dxc6 Bxc6 43. Rga1 Rd7 44. Nd5 Bxd5 45. cxd5 Qd8 46. Nc3 Rda7 47. Bb5 Qc7
48. Bd3 Qd8 49. Ra3 Be7 50. b5 1-0

[Event "271th YMCA Winter A"]
[Site "Warsaw"]
[Date "2023.02.07"]
[Round "5"]
[White "Polak, Michal"]
[Black "Kasperkiewicz, Pawel"]
[Result "1-0"]
[WhiteElo "1929"]
[BlackElo "1894"]
[PlyCount "77"]
[EventDate "2023.01.13"]
[EventType "tourn"]
[EventRounds "1"]
[EventCountry "POL"]
[SourceDate "2023.01.12"]

1. d4 e6 2. c4 b6 3. e4 Bb7 4. Bd3 Bb4+ 5. Kf1 Bf8 6. Nc3 g6 7. Nf3 Bg7 8. g3
Ne7 9. h4 h6 10. Be3 d6 11. Qd2 Nd7 12. d5 e5 13. Kg2 Nf6 14. Nh2 Bc8 15. a4 a5
16. f3 Nh5 17. g4 Nf4+ 18. Bxf4 exf4 19. Qxf4 O-O 20. Nf1 f5 21. gxf5 gxf5 22.
exf5 Nxf5 23. Ne3 Qf6 24. Nxf5 Bxf5 25. Qxf5 Qxf5 26. Bxf5 Rxf5 27. Rae1 Bxc3
28. bxc3 Raf8 29. Rhf1 Rf4 30. Re4 Kg7 31. Rf2 Kg6 32. Kg3 R4f6 33. h5+ Kf5 34.
Rf4+ Kg5 35. Rg4+ Kf5 36. Re2 R8f7 37. Ree4 Rf8 38. Kh4 R6f7 39. Rgf4# 1-0

[Event "271th YMCA Winter A"]
[Site "Warsaw"]
[Date "2023.02.16"]
[Round "5"]
[White "Rylski, Tadeusz"]
[Black "Pettersson, Alexander"]
[Result "0-1"]
[WhiteElo "1800"]
[BlackElo "1878"]
[PlyCount "76"]
[EventDate "2023.01.13"]
[EventType "tourn"]
[EventRounds "1"]
[EventCountry "POL"]
[SourceDate "2023.01.12"]

1. e4 c6 2. d4 d5 3. exd5 cxd5 4. Bd3 Nc6 5. c3 Nf6 6. Bf4 Bg4 7. Qb3 Qd7 8.
Nd2 e6 9. Ngf3 Bxf3 10. Nxf3 Bd6 11. Bxd6 Qxd6 12. Qxb7 Rb8 13. Qa6 O-O 14. b4
Rb6 15. Qa4 e5 16. Bb5 exd4 17. Bxc6 Rxc6 18. cxd4 Re8+ 19. Kf1 Rc4 20. a3 Qf4
21. Qd1 Rc3 22. Ne5 Rec8 23. Nd3 Qxd4 24. Nc5 Qh4 25. Qd2 Ne4 26. Nxe4 Qxe4 27.
Re1 Qc4+ 28. Qe2 Rxa3 29. Qxc4 dxc4 30. Ke2 Rb3 31. Rb1 Rb8 32. Rhc1 R3xb4 33.
Rxb4 Rxb4 34. Ke3 g6 35. Ra1 Rb7 36. Kd4 Rc7 37. Kd5 c3 38. Kd6 Rc8 0-1